Troféus de Competições de Futebol - Statistics

Estatísticas Gerais
  • Esse quiz foi jogado 507 vezes
  • A pontuação média é 15 de 20
Estatísticas das Respostas
Imagem Resposta % Correto
Copa do Mundo
100%
Liga dos Campeões
98%
Campeonato Brasileiro
97%
Copa Libertadores da América
95%
Campeonato Inglês
90%
Mundial de Clubes
90%
Campeonato Alemão
88%
Copa do Brasil
87%
Campeonato Holandês
81%
Campeonato Francês
77%
Eurocopa
77%
Campeonato Português
68%
Campeonato Espanhol
67%
Copa Sul-Americana
67%
Copa do Nordeste
66%
Copa America
64%
Supercopa do Brasil
59%
Copa das Confederações
48%
Liga das Nações
45%
Copa Africana de Nações
32%
Nenhum quiz correspondente encontrado
Distribuição das Pontuações
Porcentagem de Pessoas com Cada Pontuação
Percentil de Números Respondidos
Sua Pontuação Histórica
Você não jogou esse quiz